[Event "NED-ch U12 op"]
[Site "Borne"]
[Date "2013.08.09"]
[Round "10"]
[White "Post, Jesper"]
[Black "Lemkes, Robin"]
[Result "0-1"]
[WhiteElo "1161"]
[BlackElo "698"]
[PlyCount "46"]
[EventDate "2013.08.05"]
[EventType "swiss"]
[EventRounds "13"]
[EventCountry "NED"]
[SourceTitle "EXT 2015"]
[Source "ChessBase"]
[SourceDate "2014.11.20"]
[SourceVersion "1"]
[SourceVersionDate "2014.11.20"]
[SourceQuality "1"]

1. e4 e5 2. Nf3 Nc6 3. Bc4 Nd4 4. Nxe5 Qg5 5. Bxf7+ Ke7 6. Bxg8 Qxg2 7. Bc4 Qxh1+ 8. Bf1 Qxe4+ 9. Be2 Qxe5 10. c3 Nf3+ 11. Kf1 Nxh2+ 12. Kg1 Kd8 13. d4 Qe4 14. Kxh2 Bd6+ 15. Kg1 Qh4 16. f4 Rf8 17. Qf1 Bxf4 18. Bxf4 Rxf4 19. Qg2 Qe1+ 20. Bf1 Qh4 21. Be2 Rf5 22. Bg4 Qe1+ 23. Kh2 Rf2 0-1

[Event "NED-ch U12 op"]
[Site "Borne"]
[Date "2013.08.06"]
[Round "3"]
[White "Monteny, Pascalle"]
[Black "Lemkes, Robin"]
[Result "1-0"]
[WhiteElo "1072"]
[BlackElo "698"]
[PlyCount "109"]
[EventDate "2013.08.05"]
[EventType "swiss"]
[EventRounds "13"]
[EventCountry "NED"]
[SourceTitle "EXT 2015"]
[Source "ChessBase"]
[SourceDate "2014.11.20"]
[SourceVersion "1"]
[SourceVersionDate "2014.11.20"]
[SourceQuality "1"]

1. e4 e5 2. Nf3 Nc6 3. d4 d6 4. d5 Nb4 5. a3 Na6 6. Bb5+ Bd7 7. Bxd7+ Qxd7 8. Nc3 0-0-0 9. 0-0 f5 10. Nd2 f4 11. Nc4 Qf7 12. b4 Qg6 13. h3 Be7 14. Rb1 Rf8 15. Qf3 Nf6 16. a4 b6 17. a5 h5 18. axb6 axb6 19. Nb5 Qe8 20. Nca3 g5 21. Na7+ Kb8 22. Nc6+ Kb7 23. Qe2 f3 24. Qxf3 g4 25. Qe3 gxh3 26. Qxh3 Qc8 27. Qxc8+ Rxc8 28. Nxe7 Rce8 29. Bg5 Rxe7 30. Bxf6 Rhh7 31. Bxe7 Rxe7 32. f4 h4 33. f5 Nb8 34. f6 Rf7 35. Rbe1 Nd7 36. Re3 Rh7 37. f7 Rh8 38. Rh3 c5 39. c3 Ra8 40. Nc4 cxb4 41. cxb4 b5 42. Nxd6+ Kc7 43. Ne8+ Kd8 44. Ng7 Ke7 45. Rxh4 Ra4 46. g4 Rxb4 47. g5 Ra4 48. Rh2 b4 49. g6 Kf8 50. Ne6+ Ke7 51. g7 b3 52. g8Q Rb4 53. f8Q+ Nxf8 54. Qxf8+ Kd7 55. Qd8# 1-0